effects of herbiside on ir 66 rice variety in dry season at the royal university of agriculture ( ឥទ្ធិពថ្នាំសម្លាប់ស្មៅចង្រៃលើពូជស្រូវអ៊ីអ៊ែរ ៦៦ ក្នុងលក្ខខណ្ឌរដូវប្រាំង នៅសាកលវិទ្យាល័យភូមិន្ទកសិកម្ម) (Record no. 1229)

000 -LEADER
fixed length control field 00758nam a22001577a 4500
003 - CONTROL NUMBER IDENTIFIER
control field OSt
005 - DATE AND TIME OF LATEST TRANSACTION
control field 20150925091322.0
008 - FIXED-LENGTH DATA ELEMENTS--GENERAL INFORMATION
fixed length control field 150925b xxu||||| |||| 00| 0 eng d
040 ## - CATALOGING SOURCE
Transcribing agency RUA
082 ## - DEWEY DECIMAL CLASSIFICATION NUMBER
Classification number AGR HEA 2012 B053 Or.1
100 ## - MAIN ENTRY--PERSONAL NAME
9 (RLIN) 1299
Personal name HEA, VUTHY.
245 ## - TITLE STATEMENT
Title effects of herbiside on ir 66 rice variety in dry season at the royal university of agriculture ( ឥទ្ធិពថ្នាំសម្លាប់ស្មៅចង្រៃលើពូជស្រូវអ៊ីអ៊ែរ ៦៦ ក្នុងលក្ខខណ្ឌរដូវប្រាំង នៅសាកលវិទ្យាល័យភូមិន្ទកសិកម្ម)
260 ## - PUBLICATION, DISTRIBUTION, ETC. (IMPRINT)
Place of publication, distribution, etc. Phnom Penh
Name of publisher, distributor, etc. RUA
Date of publication, distribution, etc. 2012
300 ## - PHYSICAL DESCRIPTION
Extent xi, 58p.
Other physical details ill.
Dimensions 29cm.
942 ## - ADDED ENTRY ELEMENTS (KOHA)
Source of classification or shelving scheme
Koha item type AGR

No items available.

មជ្ឈមណ្ឌលឯការនៃសាកលវិទ្យាល័យភូមិន្ទកសិកម្មចំការដូង

Powered by Koha